[Event "Novi Sad Serbia op-A"]
[Site "Novi Sad"]
[Date "2022.07.03"]
[Round "6"]
[White "Aravind, PVS"]
[Black "Gombocz, Ferenc Jr"]
[Result "0-1"]
[WhiteElo "2016"]
[BlackElo "2241"]
[PlyCount "108"]
[EventDate "2022.06.28"]
[EventType "swiss"]
[EventRounds "9"]
[EventCountry "SRB"]
[SourceTitle "EXT 2023"]
[Source "ChessBase"]
[SourceDate "2022.10.05"]
[SourceVersion "1"]
[SourceVersionDate "2022.10.05"]
[SourceQuality "1"]

1. e4 e5 2. Nf3 Nc6 3. Bb5 a6 4. Ba4 d6 5. d4 b5 6. Bb3 Nxd4 7. Nxd4 exd4 8. c3 Bb7 9. 0-0 g6 10. cxd4 Bg7 11. Nc3 Ne7 12. Bg5 h6 13. Bh4 Qd7 14. Rc1 Rc8 15. d5 0-0 16. Qd3 f5 17. Bxe7 Qxe7 18. exf5 Rxf5 19. Ne4 Qf7 20. Ng3 Rf4 21. Rcd1 Rd4 22. Qc2 Bxd5 23. Bxd5 Qxd5 24. Rxd4 Qxd4 25. Qxg6 Qf6 26. Qg4 Rf8 27. b3 Kh8 28. f4 c5 29. Nh5 Qf7 30. f5 Bd4+ 31. Kh1 Rg8 32. Qh3 Be5 33. Nf4 Bxf4 34. Rxf4 Qf6 35. Rf1 c4 36. bxc4 bxc4 37. Re1 c3 38. Qd3 d5 39. Re6 c2 40. Qd2 Rb8 41. h3 Rb1+ 42. Kh2 Qxe6 43. Qc3+ Kg8 44. Qg3+ Kh7 45. Qc7+ Kh8 46. Qc3+ d4 47. Qxd4+ Kg8 48. Qg4+ Kf8 49. fxe6 c1Q 50. Qf5+ Ke7 51. Qf7+ Kd6 52. e7 Qg1+ 53. Kg3 Qe3+ 54. Kh2 Qe5+ 0-1

[Event "Novi Sad Serbia op-A"]
[Site "Novi Sad"]
[Date "2022.06.30"]
[Round "3"]
[White "Lever, Erwan"]
[Black "Aravind, PVS"]
[Result "1/2-1/2"]
[WhiteElo "2209"]
[BlackElo "2016"]
[PlyCount "117"]
[EventDate "2022.06.28"]
[EventType "swiss"]
[EventRounds "9"]
[EventCountry "SRB"]
[SourceTitle "EXT 2023"]
[Source "ChessBase"]
[SourceDate "2022.10.05"]
[SourceVersion "1"]
[SourceVersionDate "2022.10.05"]
[SourceQuality "1"]

1. d4 Nf6 2. c4 g6 3. Nc3 Bg7 4. e4 d6 5. Be2 0-0 6. h3 Na6 7. Be3 e5 8. d5 Nc5 9. Qc2 a5 10. g4 Bd7 11. Nf3 a4 12. Nd2 Ne8 13. a3 f5 14. gxf5 gxf5 15. 0-0-0 fxe4 16. Bxc5 dxc5 17. Ndxe4 Bf5 18. Bd3 Nd6 19. Nxc5 Bxd3 20. Qxd3 Bh6+ 21. Kb1 Qh4 22. Ne6 Rxf2 23. c5 Nc4 24. Rhg1+ Kh8 25. Rg4 Rxb2+ 26. Ka1 Qf2 27. Qxc4 Qc2 28. Nd4 Ra2+ 29. Qxa2 Qxc3+ 30. Qb2 exd4 31. Qxc3 dxc3 32. Kb1 Bd2 33. Rdg1 Be3 34. Rf1 Bxc5 35. Rf7 Bd6 36. Rh4 Ra5 37. Rhxh7+ Kg8 38. Rhg7+ Kh8 39. Rg5 Rb5+ 40. Kc2 Rb2+ 41. Kxc3 Rb3+ 42. Kd4 Rxh3 43. Ke4 Rxa3 44. Kf5 Rg3 45. Rxg3 Bxg3 46. Rf8+ Kg7 47. Ra8 Kf7 48. Rxa4 Ke7 49. Rg4 Bf2 50. Ke5 b6 51. Rg8 Kd7 52. Ke4 Bc5 53. Kd3 c6 54. Kc4 cxd5+ 55. Kxd5 Ke7 56. Rg6 Kf7 57. Re6 Kg7 58. Ke4 Kf7 59. Kf5 1/2-1/2

[Event "Novi Sad TS 219th"]
[Site "Novi Sad"]
[Date "2021.10.28"]
[Round "5.1"]
[White "Dokic, Zoran"]
[Black "Aravind, PVS"]
[Result "1-0"]
[WhiteElo "1966"]
[BlackElo "1716"]
[PlyCount "29"]
[EventDate "2021.10.25"]
[EventType "schev"]
[EventRounds "8"]
[EventCountry "SRB"]
[SourceTitle "CBM 205 Extra"]
[Source "ChessBase"]
[SourceDate "2022.01.31"]
[SourceVersion "1"]
[SourceVersionDate "2022.01.31"]
[SourceQuality "1"]
[WhiteTeam "Team A"]
[BlackTeam "Team B"]
[WhiteTeamCountry "SRB"]
[BlackTeamCountry "SRB"]

1. e4 c6 2. d4 d5 3. Nc3 a6 4. Nf3 dxe4 5. Nxe4 Nf6 6. Nxf6+ exf6 7. Bc4 Bd6 8. 0-0 0-0 9. Be3 Re8 10. Qd2 Be6 11. Bxe6 Rxe6 12. c4 Nd7 13. Rfd1 Nf8 14. d5 cxd5 15. Qxd5 1-0

[Event "Hyderabad op 3rd"]
[Site "Hyderabad"]
[Date "2019.08.20"]
[Round "1"]
[White "Smirnov, Pavel"]
[Black "Aravind, PVS"]
[Result "1-0"]
[WhiteElo "2574"]
[BlackElo "1806"]
[PlyCount "80"]
[EventDate "2019.08.20"]
[EventType "swiss"]
[EventRounds "10"]
[EventCountry "IND"]
[SourceTitle "EXT 2020"]
[Source "ChessBase"]
[SourceDate "2019.10.17"]
[SourceVersion "1"]
[SourceVersionDate "2019.10.17"]
[SourceQuality "1"]

1. d4 Nf6 2. c4 g6 3. g3 c6 4. Bg2 d5 5. Nf3 Bg7 6. b3 0-0 7. 0-0 a5 8. Nc3 Nbd7 9. cxd5 Nxd5 10. Bb2 Nxc3 11. Bxc3 Nb6 12. Qc2 Nd5 13. Bb2 a4 14. e4 axb3 15. Qxb3 Nb6 16. Rfd1 Na4 17. Ba3 Re8 18. Rac1 Qb6 19. Qe3 Bg4 20. Rb1 Qa7 21. Rd3 b6 22. Ng5 Bd7 23. e5 h6 24. Ne4 Be6 25. Rc1 Rec8 26. Nd2 Bd5 27. e6 Bxe6 28. Bxc6 Rab8 29. Nf3 Bf8 30. d5 Bf5 31. Rd4 b5 32. g4 Bd7 33. Ne5 Bxc6 34. Nxc6 Qd7 35. Nxb8 Rxb8 36. Qf4 Rd8 37. Rc7 Qe8 38. Re4 Rxd5 39. Bxe7 Bg7 40. Bd6 Qd8 1-0